000 00403nam a2200157Ia 4500
008 240729s9999 xx 000 0 und d
022 _a2813-3870
245 0 _aFrontiers in Bird Science
260 _aSwitzerland
260 _bFrontiers Media S.A.
650 _a Zoology
650 _aScience
856 _uhttps://doaj.org/toc/bf6eb9f62c954a3295f3ce8352ee8b86
942 _2ddc
942 _cDOAJEJ
999 _c67023
_d67023
945 _a1
_bMadushi Gamage
_c1
_dMadushi Gamage